|
|
|
|
| LEADER |
00000nam a2200000 4500 |
| 008 |
160803b2011 c ||||| |||| 00| | spa d |
| 020 |
|
|
|a 9789591807632
|
| 090 |
|
|
|a 06.06.02
|b 2359
|
| 100 |
1 |
0 |
|9 1920
|a Massón Cruz, Rosa María
|
| 245 |
1 |
0 |
|a Estudio comparativo en la formación de profesores de secundaria básica /
|c Rosa María Massón Cruz, Miguel Jorge Llivina Lavigne, Victoria Arencibia Sosa
|
| 260 |
|
|
|a Cuba :
|b Ministerio de Educación,
|c 2011
|
| 300 |
|
|
|a 150 páginas
|
| 650 |
1 |
4 |
|9 9
|a FORMACIÓN DE DOCENTES
|
| 650 |
1 |
4 |
|9 331
|a DOCENTES
|
| 650 |
1 |
4 |
|9 456
|a EDUCACIÓN SECUNDARIA
|
| 650 |
1 |
4 |
|9 451
|a POLÍTICA EDUCATIVA
|
| 650 |
1 |
4 |
|9 482
|a MATEMÁTICAS
|
| 651 |
|
4 |
|9 1261
|a CUBA
|
| 651 |
|
4 |
|9 458
|a REPÚBLICA DOMINICANA
|
| 651 |
|
4 |
|9 1736
|a PERÚ
|
| 651 |
|
4 |
|9 1349
|a COLOMBIA
|
| 651 |
|
4 |
|9 63
|a ARGENTINA
|
| 700 |
1 |
0 |
|9 1921
|a Llivina Lavigne, Miguel Jorge
|
| 700 |
1 |
0 |
|9 1922
|a Arenciba Sosa, Victoria
|
| 942 |
|
|
|i 004211
|h 06.06.02 2359
|2 z
|c 01
|
| 999 |
|
|
|c 3297
|d 3297
|